|
|
|
|
| LEADER |
00000cam a2200000 a 4500 |
| 001 |
vtls001407884 |
| 003 |
SK-MaSNL |
| 005 |
20260302001328.0 |
| 008 |
240226s1999 xo r 000 0 slo |
| 015 |
|
|
|a SNBI2001/02-01288
|
| 020 |
|
|
|a 8088767989
|
| 035 |
|
|
|a SNK000362545
|
| 035 |
|
|
|a urn:nbn:sk:snk-am3h4yp
|
| 035 |
|
|
|a urn:nbn:sk:snk-am007ylz
|
| 035 |
|
|
|a F6A51EE8-4DE6-4916-8A3A-38BCFD74A376
|
| 040 |
|
|
|a SNK
|b slo
|c SNK
|e AACR2
|
| 041 |
0 |
|
|a slo
|
| 044 |
|
|
|a xo
|c SK
|
| 080 |
|
|
|a 656(083.133)
|2 1981
|
| 110 |
1 |
|
|a Slovensko
|4 aut
|9 266955
|
| 245 |
1 |
0 |
|a Doprava
|b SEPI "V" - aktualizácia č. 9
|
| 260 |
|
|
|a Žilina
|b Systém ekonomických a právnych informácií
|c [1999]
|
| 300 |
|
|
|a [37] s.
|b tab.
|c 21 cm
|
| 500 |
|
|
|a SEPI - Systém Ekonomických a Právnych Informácií
|
| 500 |
|
|
|a Voľné listy bez obalu
|
| 650 |
0 |
7 |
|a doprava
|2 SNKPH
|9 1777
|
| 655 |
|
7 |
|a nariadenia
|2 SNKPH
|9 70672
|
| 919 |
|
|
|a 80-88767-98-9
|
| 958 |
|
|
|a OND
|
| 958 |
|
|
|a TL
|
| 999 |
|
|
|c 983439
|d 985369
|
| 952 |
|
|
|t P60, <03>, [BOOK], {603}
|a SNK
|b SNK
|y PREZ
|7 0
|p 17A0291879
|o snkSC 97605/príl.9
|i snkKSP 2962/2001
|0 0
|1 0
|4 0
|d 2001-02-23
|f 1
|l 0
|r 2025-09-17 00:00:00
|w 2026-02-24
|